Comprensión de Venezuela / (Record no. 2982)
[ view plain ]
| 000 -CABECERA | |
|---|---|
| campo de control de longitud fija | 00656cam a2200217 a 4500 |
| 001 - NÚMERO DE CONTROL | |
| campo de control | 000003151 |
| 003 - IDENTIFICADOR DEL NÚMERO DE CONTROL | |
| campo de control | DO-SdBNP |
| 005 - FECHA Y HORA DE LA ÚLTIMA TRANSACCIÓN | |
| campo de control | 20251027134515.0 |
| 008 - DATOS DE LONGITUD FIJA--INFORMACIÓN GENERAL | |
| campo de control de longitud fija | 831209s1976 ve 000 0 spa c |
| 040 ## - FUENTE DE LA CATALOGACIÓN | |
| Centro catalogador/agencia de origen | DO-SdBNP |
| Lengua de catalogación | spa |
| Centro/agencia transcriptor | BNPHU |
| 082 ## - NÚMERO DE LA CLASIFICACIÓN DECIMAL DEWEY | |
| Número de clasificación | 987 |
| Número de documento/Ítem | P598c |
| 100 1# - ENTRADA PRINCIPAL--NOMBRE DE PERSONA | |
| Nombre de persona | Picon Salas, Mariano, |
| Fechas asociadas al nombre | 1901-1965. |
| 9 (RLIN) | 9942 |
| 245 10 - MENCIÓN DE TÍTULO | |
| Título | Comprensión de Venezuela / |
| Mención de responsabilidad, etc. | Mariano Picon Salas; prólogo, Guillermo Sucre. |
| 260 ## - PUBLICACIÓN, DISTRIBUCIÓN, ETC. | |
| Lugar de publicación, distribución, etc. | Caracas : |
| Nombre del editor, distribuidor, etc. | Monte Avila, |
| Fecha de publicación, distribución, etc. | 1976. |
| 300 ## - DESCRIPCIÓN FÍSICA | |
| Extensión | 238 p. ; |
| Dimensiones | 16 cm. |
| 490 0# - MENCIÓN DE SERIE | |
| Mención de serie | Eldorado |
| 651 #7 - PUNTO DE ACCESO ADICIONAL DE MATERIA--NOMBRE GEOGRÁFICO | |
| Nombre geográfico | Venezuela |
| Subdivisión general | Civilización |
| 9 (RLIN) | 26230 |
| Fuente del encabezamiento o término | LEMB |
| 700 1# - PUNTO DE ACCESO ADICIONAL--NOMBRE DE PERSONA | |
| Nombre de persona | Sucre, Guillermo, |
| Término indicativo de función/relación | pról. |
| 9 (RLIN) | 6249 |
| 830 #0 - PUNTO DE ACCESO ADICIONAL DE SERIE-TÍTULO UNIFORME | |
| Título uniforme | Eldorado |
| 9 (RLIN) | 9944 |
| 942 ## - ELEMENTOS DE PUNTO DE ACCESO ADICIONAL (KOHA) | |
| Fuente del sistema de clasificación o colocación | Dewey Decimal Classification |
| Tipo de ítem Koha | Libro |
| Estado de retiro | Estado de pérdida | Restricciones de uso | No para préstamo | Código de colección | Localización permanente | Ubicación/localización actual | Ubicación en estantería | Fecha de adquisición | Número de inventario | Total de préstamos | Signatura topográfica completa | Código de barras | Fecha visto por última vez | Precio válido a partir de | Tipo de ítem Koha |
|---|---|---|---|---|---|---|---|---|---|---|---|---|---|---|---|
| Préstamo interno | Monografías: Libros y Folletos | General | General | En catalogación | 06.07.2009 | LF1 | 987 P598c | 3151-10 | 25.06.2020 | 25.06.2020 | Préstamo interno | ||||
| Extraviado | Excluido de préstamo | Monografías: Libros y Folletos | General | General | Extraviado | 06.06.2017 | LF1 | 987 P598c | 3151-20 | 25.06.2020 | 25.06.2020 | No se presta |
